| 000 | 00968nam0a22002651 4500 | ||
|---|---|---|---|
| 001 | rc\628028 | ||
| 005 | 20031121164318.1 | ||
| 035 | _a(NLR Aleph) 005870318 | ||
| 090 |
_a5971858 _c5971858 |
||
| 100 | _a20031121d1986 u |0rusy50 ca | ||
| 101 | 0 | _arus | |
| 102 | _aRU | ||
| 105 | _aa ||||||||| | ||
| 200 | 1 | _aМоделирование режимных параметров газожидкостных распределительных сетей | |
| 210 |
_aКиев _cИПМЭ _d1986 |
||
| 215 |
_a44 с. _cил. _d21 |
||
| 225 | 1 |
_aПрепринт _fАН УССР, Ин-т пробл. моделирования в энергетике _v24 |
|
| 320 | _aБиблиогр.: с. 44 | ||
| 700 | 1 |
_aКондращенко _bВ. Я. _gВладимир Яковлевич |
|
| 701 | 1 |
_aВинничук _bС. Д. _gСтепан Дмитриевич |
|
| 801 | 0 |
_aRU _bNLR _gpsbo |
|
| 801 | 1 |
_aRU _bELAR _2rusmarc |
|
| 852 |
_aNLR _j87-4/20285 |
||
| 942 | _cBOOK | ||
| 980 | _aNB | ||